Statistics for Countries with most Global cities

Click here to take the quiz!

General Stats

  • This quiz has been taken 60 times
  • The average score is 13 of 14

Answer Stats

NumberCountry% Correct
31United States
100%
17China
100%
9United Kingdom
100%
8India
100%
10Germany
98%
5Australia
98%
5Canada
98%
4Italy
98%
3Mexico
98%
4France
96%
4Spain
94%
3South Africa
87%
3Switzerland
65%
3Sweden
54%

Score Distribution

Percentile by Number Answered

Percent of People with Each Score

Your Score History

You have not taken this quiz